| 000 | 01233cam a2200229 4500 | ||
|---|---|---|---|
| 001 | ABS65398 | ||
| 008 | 020419n2002 000 0 eng u | ||
| 035 | _a(Sirsi) u117601 | ||
| 100 | _aTinworth, A | ||
| 245 | _aHow to stay in the black by lighting up | ||
| 260 | _c2002 | ||
| 490 |
_aEstates Gazette _v(0212) 23 March 2002, 120-121(2) |
||
| 520 | _aDiscusses broadband technology in relation to property owners, and looks at three building broadband providers that survived the dot.com crash. Broadband is a high-speed, always-on connection to the internet with access charged at a flat rate rather than by the minute. Three major companies have outlived many others in providing broadband services to buildings: Intellispace, Centric Telecom and HighSpeed Office. Discusses the changing attitudes of these companies to their clients and the range of services they are now offering. Concludes that broadband technology is here to stay even if the sense of urgency has gone for some property owners. | ||
| 590 | _aABS | ||
| 650 | _aPROPERTY OWNERS | ||
| 650 | _aBROADBAND PROVIDERS | ||
| 650 | _aLANDLORDS | ||
| 650 | _aINTERNET | ||
| 650 | _aBROADBAND | ||
| 690 | _aINFORMATION TECHNOLOGY-INTERNET | ||
| 942 | _n0 | ||
| 999 |
_c70027 _d70027 |
||